000 00471nam a2200181Ia 4500
001 3566
005 20260306145653.0
008 260306t2007||||xx |||||||||||||| ||spa||
041 _aESP
082 _a289.5
_bT49
100 _aThumala Olave, María Angélica
_eAUT
245 0 _aRiqueza y piedad:
_bel catolicismo de la élite económica chilena
260 _c2007
300 _a334 páginas :
_c23 cm.
650 _aGEN
654 _aCHU
942 _cLIB
_dJUS
_fJUS
_2ddc
_n
999 _c3566
_d3566